Accountancy mathematics for UiTM

Bibliographic Details
Main Author: Lau Too Kya
Other Authors: Wee kok kiang
Format: Book
Published: Shah Alam : Fajar Bakti Sdn.Bhd , 2002
Subjects:

MARC

LEADER 00000cam a2200000 7i4500
001 0000012290
005 20050422.0
020 |a 9676534625 
040 |a INS 
090 0 0 |a HF5691   |b L36 2002 
100 1 |a Lau Too Kya 
245 1 0 |a Accountancy mathematics for UiTM   |c Lau Too Kya 
260 |a Shah Alam :   |b Fajar Bakti Sdn.Bhd ,   |c 2002 
300 |a ix :   |b 213p ;   |c 25cm. 
650 0 0 |a Accountancy   |x Mathematics   |y Malaysia   |z Study and teaching (Higher) 
650 0 0 |a Accounting   |x Curricula 
650 0 0 |a Accounting   |x Study guides 
700 0 |a Wee kok kiang 
999 |a 0000012609   |b BOOK   |c Open Shelf   |e Default branch